Estatísticas para Capitais Sul-Americanas

Clique aqui para jogar o quiz

Estatísticas Gerais

  • Esse quiz foi jogado 11 101 vezes
  • A pontuação média é 9 de 12

Estatísticas das Respostas

PaísCapital% Correto
BrasilBrasília
99%
ArgentinaBuenos Aires
97%
ChileSantiago
82%
PeruLima
80%
BolíviaLa Paz ou Sucre
75%
EquadorQuito
72%
VenezuelaCaracas
72%
ColômbiaBogotá
71%
UruguaiMontevidéu
69%
ParaguaiAssunção
66%
GuianaGeorgetown
41%
SurinameParamaribo
35%

Distribuição das Pontuações

Percentil de Números Respondidos

Porcentagem de Pessoas com Cada Pontuação

Sua Pontuação Histórica

Você não jogou esse quiz